The Association of Commonwealth Universities bulletin (Record no. 84424)

MARC details
000 -LEADER
fixed length control field 01207nam a2200229 a 4500
008 - FIXED-LENGTH DATA ELEMENTS--GENERAL INFORMATION
fixed length control field 120416s2000 ||||||||||||||||| || u
050 ## - LIBRARY OF CONGRESS CALL NUMBER
Classification number ACU(05)B/2000/142
110 ## - MAIN ENTRY--CORPORATE NAME
Corporate name or jurisdiction name as entry element Association of Commonwealth Universities
245 14 - TITLE STATEMENT
Title The Association of Commonwealth Universities bulletin
Statement of responsibility, etc. The Association of Commonwealth Universities
246 ## -
-- A.C.U. bulletin of current documentation
260 ## - PUBLICATION, DISTRIBUTION, ETC.
Place of publication, distribution, etc. London:
Name of publisher, distributor, etc. ACU
Date of publication, distribution, etc. 2000
300 ## - PHYSICAL DESCRIPTION
Extent 34p.: ill.
350 ## -
-- 0.00
362 1# -
-- No.143, Grow-your-own knowledge. No. 145, Academic outsourcing
650 ## - SUBJECT ADDED ENTRY--TOPICAL TERM
Topical term or geographic name entry element COMMONWEALTH UNIVERSITIES--PERIODICALS
650 ## - SUBJECT ADDED ENTRY--TOPICAL TERM
Topical term or geographic name entry element MANAGEMENT INFORMATION SYSTEMS
780 ## -
-- A.C.U. bulletin of current documentation
785 ## -
-- ACU Bulletin
995 ## -
-- SPECIAL COLLECTIONS
-- 2127
-- CBU-MAIN LIBRARY (Kitwe)
-- 0.00
-- ACU(05)B/2000/145
-- 3
-- AVAILABLE
-- Feb 11, 2016
-- B2127
-- International Publications
995 ## -
-- SPECIAL COLLECTIONS
-- 0.00
-- 03004602
-- CBU-MAIN LIBRARY (Kitwe)
-- 1
-- 0.00
-- ACU(05)B/2000/142
-- 1
-- AVAILABLE
-- Oct 5, 2009
-- 03004602
-- Annex Low-Usage Collection
995 ## -
-- SPECIAL COLLECTIONS
-- 2126
-- CBU-MAIN LIBRARY (Kitwe)
-- 0.00
-- ACU(05)B/2000/143
-- 2
-- AVAILABLE
-- Feb 11, 2016
-- B2126
-- Annex Low-Usage Collection
999 ## -
-- 84424
-- 84424
Holdings
Withdrawn status Lost status Source of classification or shelving scheme Damaged status Not for loan Permanent Location Current Location Shelving location Date acquired Total Checkouts Full call number Barcode Date last seen Copy number Price effective from Koha item type
          CBU-MAIN LIBRARY, KITWE. CBU-MAIN LIBRARY, KITWE.   01/25/2024   ACU(05)B/2000/142 B2127 01/25/2024 1 01/25/2024 SPECIAL COLLECTION
          CBU-MAIN LIBRARY, KITWE. CBU-MAIN LIBRARY, KITWE.   01/25/2024   ACU(05)B/2000/142 03004602 01/25/2024 2 01/25/2024 SPECIAL COLLECTION
          CBU-MAIN LIBRARY, KITWE. CBU-MAIN LIBRARY, KITWE.   01/25/2024   ACU(05)B/2000/142 B2126 01/25/2024 3 01/25/2024 SPECIAL COLLECTION